000 00950nam a2200325 a 4500
003 AR-BaBNM
005 20251128210042.0
008 082120s2002 ||||||||||||||000 | spa||
020 _a968-451-008-X
040 _cAR-BaBNM
100 1 _aDaniel, Wayne W.
245 0 0 _aEstadística con aplicaciones a las ciencias sociales y la educación
250 _a1ª ed.
260 _aMéxico, D.F.
_bMcGraw-Hill
_c1988
300 _a504 p.
_bgráfs.
500 _aContiene índice de términos p. 501-504
500 _aContiene índice de contenido al comienzo del libro
650 4 _aESTADISTICA
650 4 _aEDUCACION
650 4 _aCIENCIAS SOCIALES
650 4 _aDATOS ESTADISTICOS
650 4 _aPROCESAMIENTO DE DATOS
650 4 _aANALISIS DE DATOS
650 4 _aPROBABILIDAD
650 4 _aMUESTREO
700 1 _aVilamizar, Jesús
_etraductor
700 1 _aArdila Cuellar, Germán
_erevisión
942 _cBK
998 _cRaquel
999 _c13827
_d13827